000 00333nam a2200109Ia 4500
008 171211s9999 xx 000 0 und d
245 _aChallenges in Central Banking
245 _cMartin T. Bohl and Mark E. Wohar and Pierre L. Siklos
260 _c2010
650 _xECONOMICS
856 _uhttp://down.ebook777.com/062/0521199298.pdf
999 _c349604
_d349604